000 01415aab a2200193 i 4500
001 768714001
003 CO-MdFUSB
005 20240422123130.0
008 221018s1996 ag ||||| |||| 00| 0 spa d
040 _bspa
_cCO-MdFUSB
_dCO-MdFUSB
041 _aspa
100 1 _aPadilla, C. René
_eautor
245 1 0 _aMisión y corrupción
_c/ C. René Padilla
300 _aVolumen 15, número 4 (octubre - diciembre, 1996) páginas: 4 - 5
_c; 27 cm
520 _aCualquier persona medianamente informada acerca de los problemas que aquejan a los países latinoamericanos sabe bien que uno de los peores de todos ellos es la corrupción: con demasiada frecuencia los que detentan el poder que se deriva de la autoridad lo usan para beneficiarse económicamente. En palabras de Luis Moreno Ocampo, uno de los dirigentes de la Fundación Poder Ciudadano en la Argentina, la corrupción es hija de las relaciones clandestinas entre el poder de la autoridad y el del dinero». El caso de Collor de Melo en el Brasil, el de Carlos Andrés Pérez en Venezuela y el de Salinas de Gortari en México son paradigmáticos de este mal social que en nuestro continente tiene una larga historia y está en la base misma de mucho de nuestro subdesarrollo económico.
653 _aCorrupción
773 0 _tIglesia y Misión
_049402
_959639
_gVolumen 15, número 4 (octubre - diciembre, 1996) páginas: 4 - 5
_qpágina: 4
942 _cANA
999 _c52211
_d52211